LEADER 01334nam a2200313 u 4500 001 000000053831 003 CaOOAMICUS 005 20070226115614.0 008 001122s1972 it u000 u ita u 035 $a10862097 040 $aPUL(R)$bita 100 1 $aPavan, Pietro,$ccard.,$d1903-1994.$0(OLS)http://pul/name/3121 245 12$aL'ateismo di massa in prospettiva storica /$cPietro Pavan. 260 $aRoma :$bEdizioni Paoline,$c1972. 300 $a109 p. ;$c18 cm 490 1 $aPunti scottanti di teologia ;$v73 504 $aNota bibliografica p. 7. 650 4$aCristianesimo e ateismo.$0(OLS)http://pul/subject/407 650 4$aAteismo (filosofia).$0(OLS)http://pul/subject/4943 830 0$aPunti scottanti di teologia ;$v73.$0(OLS)http://pul/title/510 850 $aPUL 852 $aPUL$W1$xDP1 Fondo Giannini$y60$m1555 D 47$j70957$nBK-PRI$b $qFondi$B70957$CPULBib$Z2$F70957 $H $81 852 $aPUL$W1$xSL Religione 1$y3$m58 L 31$j70958$n $b $qStampati$B70958$CPULBib$Z2$F70958 $H $81 941 1 $a1 941 1 $a8 961 $aINV: Fondo Giannini 961 $aINV: 35731 996 $6245$aL'ateismo di massa in prospettiva storica$9(OLS)http://pul/title/72202 996 $6260$aRoma :$bEdizioni Paoline$9(OLS)http://pul/publisher/47933 LEADER 01714nam a2200337 a 4500 001 000000140857 003 CaOOAMICUS 005 20141211113251.0 008 141211s2014 it u000 u ita r 020 $a978-88-6689-599-2 040 $aPUL$bita 082 $a348.45 110 1 $aItalia.$0(OLS)http://pul/name/1188 240 10$aCodice dei diritto penale commerciale (2014).$0(OLS)http://pul/title/178218 245 10$aCodice dei diritto penale commerciale :$bnormativa in materia di: reati fallimentari, reati tributari, reati societari, reati bancari, responsabilitą delle persone giuridiche /$ca cura di Luigi Alibrandi. 260 $aPiacenza :$bCELT La Tribuna,$c©2014. 300 $a766 p. ;$c19 cm 490 1 $aCodici vigenti 2014 500 $aSulla coperta: Aggiornato con tutte le ultime novitą normative. 500 $aTesto su due colonne. 650 4$aDiritto commerciale$zItalia.$0(OLS)http://pul/subject/1274 700 1 $aAlibrandi, Luigi.$0(OLS)http://pul/name/45474 830 0$aCodici vigenti 2014.$0(OLS)http://pul/title/178215 850 $aPUL 852 $aPUL$W1$xSL Diritto e Scienze Sociali 3$y79$m348. 45 COD 3.1.17$j162625$qDDC 21$B162243$CPULBib$Z2$F162243 $H125107 $82 941 1 $a9 996 $6020$a978-88-6689-599-2$9(OLS)http://pul/number/156479 996 $6082$a348.45$9(OLS)http://pul/classification/373 996 $6245$aCodice dei diritto penale commerciale :$bnormativa in materia di: reati fallimentari, reati tributari, reati societari, reati bancari, responsabilitą delle persone giuridiche$9(OLS)http://pul/title/178219 996 $6260$aPiacenza :$bCELT La Tribuna$9(OLS)http://pul/publisher/83033